000
00229nam a22001217a 4500
003
SGT
082
_b
LAL
100
_a
LAL
245
_a
AGRICULTURAL RESEARCH
260
_a
INDIA
_b
ICAR
_c
2022
300
_a
791
942
_2
ddc
_c
BV
999
_c
29863
_d
29863